Vaastu - Design and Decorate Homes to reflect eternal Spiritual Principles (Record no. 4330)
[ view plain ]
| 000 -LEADER | |
|---|---|
| fixed length control field | 00318nam a2200109Ia 4500 |
| 008 - FIXED-LENGTH DATA ELEMENTS--GENERAL INFORMATION | |
| fixed length control field | 200302s9999 xx 000 0 und d |
| 100 ## - MAIN ENTRY--PERSONAL NAME | |
| Personal name | Rohit Arya |
| 245 ## - TITLE STATEMENT | |
| Title | Vaastu - Design and Decorate Homes to reflect eternal Spiritual Principles |
| 260 ## - PUBLICATION, DISTRIBUTION, ETC. | |
| Name of publisher, distributor, etc. | Destiny Books Rochester,Vermont |
| 260 ## - PUBLICATION, DISTRIBUTION, ETC. | |
| Date of publication, distribution, etc. | 2000 |
| 300 ## - PHYSICAL DESCRIPTION | |
| Extent | 118 P., |
| Withdrawn status | Lost status | Source of classification or shelving scheme | Damaged status | Not for loan | Permanent Location | Current Location | Date acquired | Cost, normal purchase price | Total Checkouts | Full call number | Barcode | Date last seen | Date last checked out | Price effective from | Koha item type | Public note |
|---|---|---|---|---|---|---|---|---|---|---|---|---|---|---|---|---|
| BMS College of Architecture, Design and Planning | BMS College of Architecture, Design and Planning | 2020-03-03 | 912.00 | 2 | 133.333 | CL-UG69321 | 2025-07-04 | 2025-07-04 | 2020-03-03 | UG Books from CL | S-04 |